000 00520pam a2200157 a 4500
020 _a0830634185 (pbk.) :
082 0 0 _a005.43
_bDOR
_cNUST-02,P175
100 1 _aDorfman, Len.
_936821
245 1 0 _aBuilding C libraries :
_bwindows, menus & user interfaces /
_cLen Dorfman.
260 _aBlue Ridge Summit, PA :
_bTAB Windcrest Books,
_cc1990.
300 _axi, 415 p. ;
_c25 cm.
526 _a0
_b0
_c0
_d005_430000000000000_DOR
650 0 _aC (Computer program language)
_91226
650 0 _aNUST
_96342
942 _2ddc
_cBK
999 _c541782
_d541782